| 000 | 00645nam a22001577a 4500 | ||
|---|---|---|---|
| 008 | 170811b xxu||||| |||| 00| 0 eng d | ||
| 082 |
_22016 _aUT 0826 _bV71 |
||
| 100 |
_921891 _aVillotes, Sheryl L. |
||
| 245 |
_aThe Relationship Between Learners Anxiety and Language Proficiency of the First Year English Major Students in UMDC/ _cSheryl L. Villotes, Irish Clair D. Bucod and Marson Rey M. Guboc. |
||
| 260 |
_aDigos City: _bUMDC _cAugust 2016. |
||
| 300 |
_a48 pages; _c29 cm. |
||
| 650 | 0 |
_921892 _aEducation _vEnglish _xUndergraduate thesis. |
|
| 700 |
_921893 _aBucod, Irish Clair D. |
||
| 700 |
_921894 _aGuboc, Marson Rey M. |
||
| 942 |
_2ddc _cUT |
||
| 999 |
_c7232 _d7232 |
||